[Event "CRO-chT U20 22nd"]
[Site "Durdevac"]
[Date "2013.03.28"]
[Round "6"]
[White "Vucic, Mihovil"]
[Black "Muskardin, Mario"]
[Result "1-0"]
[WhiteElo "2030"]
[BlackElo "2233"]
[PlyCount "75"]
[EventDate "2013.03.25"]
[EventType "team-tourn"]
[EventRounds "9"]
[EventCountry "CRO"]
[SourceTitle "CBM 153 Extra"]
[Source "ChessBase"]
[SourceDate "2013.04.22"]
[SourceVersion "1"]
[SourceVersionDate "2013.04.22"]
[SourceQuality "1"]

1. e4 d6 2. d4 Nf6 3. Nc3 e5 4. dxe5 dxe5 5. Qxd8+ Kxd8 6. Bc4 Be6 7. Bxe6 fxe6 8. f3 c6 9. Be3 Nbd7 10. Nh3 Bb4 11. Bd2 h6 12. Nf2 Ke7 13. Nd3 Bd6 14. Nd1 b5 15. Ne3 Nc5 16. Nf2 a5 17. Ke2 Nfd7 18. Rhd1 Nb6 19. b3 b4 20. c3 Nb7 21. Nd3 c5 22. Be1 Nd8 23. cxb4 axb4 24. Rdc1 Nd7 25. Nc4 Nf7 26. Rc2 Rhc8 27. Bf2 Ra6 28. Nxd6 Nxd6 29. Bxc5 Nxc5 30. Rxc5 Rxc5 31. Nxc5 Ra3 32. Nd3 Nb5 33. Nxb4 Nd4+ 34. Kd1 Nxb3 35. Nc2 Nxa1 36. Nxa3 Kd6 37. Kc1 Kc5 38. Kb2 1-0